Manual de Estudios Ambientales para la planificación y los proyectos de desarrollo

Bibliographic Details
Main Author: Milán Pérez, José Antonio
Format: Section = Libro
Language:Undetermined
Spanish
Published: Managua UNI-POSGRADO 2004
Subjects:
LEADER 00800nam a2200265Ia 4500
008 240830s9999 xx 000 0 und d
020 |a 99924-854-0-X 
040 |a CEDOC FIQ-RUSB / Ref 333.7 M637 
041 |a spa 
082 |a Ref 333.7 M637 
100 1 |a Milán Pérez, José Antonio 
245 1 0 |a Manual de Estudios Ambientales para la planificación y los proyectos de desarrollo 
260 |a Managua  |b UNI-POSGRADO  |c 2004 
300 |a 531 p. 
650 7 |a RECURSOS NATURALES-DESARROLLO-MEDIO AMBIENTE 
650 7 |b  CONTAMINACION DEL AIRE 
650 7 |c  RUIDO Y VIBRACIONES 
650 7 |d  GEOLOGIA Y GEOMORFOLOGIA 
650 7 |e  HIDROLOGIA 
650 7 |f  CALIDAD AMBIENTAL 
650 7 |g  POBLACION 
650 7 |h  ESTUDIO DEL PAISAJE. 
942 |c BK  |2 ddc 
991 |a TEXTO 
999 |c 14107